Responses for show #7209 - Thursday, January 7, 2016

Contestants

Brian Rafferty, a public information office supervisor from Forest Hills, New York

Lizzie Turner, a student originally from Birmingham, Alabama

Steve Belding, an engineer from Knoxville, Tennessee (whose 2-day cash winnings total $48,402)

Jeopardy! Round responses

SHOW ME WHAT YOU GOT!
LIVING THE SPACED-OUT LIFE
LAST EPISODES
CALIFORNIA CITY‑"O"
(Alex: Each correct response will end in that letter of the alphabet.)
JAMES: THE FIRST OR LAST NAME
WHICH DISNEY DWARF?
    $200 11
the Bahamas

Steve
    $200 8
light-emitting diodes

Brian
    $200 20
Friends

Lizzie
    $200 1
Sacramento

Steve
    $200 13
James Watt

Steve
    $400 12
Jefferson Davis

Triple Stumper
    $400 9
microgravity

Triple Stumper
    $400 19
Breaking Bad

Lizzie
    $400 2
San Diego

Steve
    $400 7
Rick James

Brian
    $400 22
Happy

Lizzie
    $600 27
a gravy boat

Brian
    $600 10
calcium

Steve
    $600 17
Julia Louis-Dreyfus

Lizzie
    $600 3
San Francisco

Lizzie
    $600 4
Kevin James

Steve
    $600 21
Sneezy

Steve
    $800 25
(Lizzie: What is a meerkat?)

lemur

SteveLizzie
    $1,200 28
[The end-of-round signal sounds.]

solar panels

Brian
    $800 16
Cheers

Steve
    $800 5
Ontario

Steve
    $800 14
(Alex: That would be the internationally famous [*]. Famous flautist.)

James Galway

Triple Stumper
    $800 23
Sleepy

Steve
    $1000 26
tricorne

Steve
    $1000 18
(Alex: Running, running running, because he was [*].)

The Fugitive

Triple Stumper
    $1000 6
Cupertino

Lizzie
    $1000 15
James Beard

Brian
    $1000 24
Grumpy

Lizzie

Scores at the first commercial break (after clue 15):

Steve Lizzie Brian
$3,000 $1,600 $1,600

Scores at the end of the Jeopardy! Round:

Steve Lizzie Brian
$7,000 $3,400 $3,400

Double Jeopardy! Round responses

FLOWERY PROSE
TRAINS
OFF THE RECORD
WORLD HISTORY
NINTH WAVE
A IS THE ONLY VOWEL
    $400 7
Roses Are Red

Steve
    $400 11
India

Lizzie
    $400 1
Frozen

Steve
    $400 21
Athens

Lizzie
    $400 22
betrayers

Lizzie
    $400 2
(Brian: What is an a-no?)

ballad

Brian
Triple Stumper
    $4,000 8
(Steve: What is a dahlia?)
(Alex: No. What is a [*]. [*]. Very rare and very expensive.)

tulip

Steve
    $800 14
Toronto

Steve
    $800 9
Sasha Fierce

Lizzie
    $800 23
(Lizzie: who is God?)

thy neighbor

SteveLizzie
    $800 3
(Brian: What is the aqueous?)

cataract

SteveBrian
    $1200 19
Driving Miss Daisy

Lizzie
    $1200 15
(Steve: What is the Wabash Cannonball?)

The City of New Orleans

Steve
Triple Stumper
    $1200 10
Nebraska

Brian
    $1200 27
(Lizzie: What is the Gregorian calendar?)

Julian calendar

Lizzie
Triple Stumper
    $4,000 24
(Steve: What is "The 1812 Overture"?)

Beethoven's Ninth Symphony

Steve
    $1200 4
savant

Triple Stumper
    $1600 18
Algernon

Lizzie
    $1600 16
Perth

Steve
    $1600 12
an atomic bomb

Lizzie
    $1600 25
Oliver Twist

Lizzie
    $1600 5
(Alex: You keep looking for shorter words, I'm sure.)

a kaftan

Triple Stumper
    $2000 20
White Oleander

Steve
    $2000 17
TGV

Lizzie
    $2000 13
T.I.

Steve
    $2000 28
[The end-of-round signal sounds.]

Dien Bien Phu

Steve
    $2000 26
Pius

Triple Stumper
    $2000 6
(Alex: And two As come up in [*]. [*] tree.)

banyan

Triple Stumper

Scores at the end of the Double Jeopardy! Round:

Steve Lizzie Brian
$8,600 $11,400 $3,400

[wagering suggestions for these scores]

Final Jeopardy! Round responses

PLACES ON THE MAP
BrianWhat is No Nova Scotia?
$2,401
SteveWhat is Newfoundland?
$1,799
LizzieWhat is prince edward island
$6,000
Newfoundland

Final scores:

Steve Lizzie Brian
$10,399 $5,400 $999
3-day champion: $58,801 2nd place: $2,000 3rd place: $1,000

Game dynamics:

Coryat scores:

Steve Lizzie Brian
$16,600 $11,400 $3,000
21 R,
3 W
(including 2 DDs)
16 R,
3 W
6 R
(including 1 DD),
2 W

Combined Coryat: $31,000

The J! Archive is created by fans, for fans. The Jeopardy! game show and all elements thereof, including but not limited to copyright and trademark thereto, are the property of Jeopardy Productions, Inc. and are protected under law. This website is not affiliated with, sponsored by, or operated by Jeopardy Productions, Inc. Join the discussion at JBoard.tv.